Дело о рассмотрении в Академии наук сочинений доктора Юлга

Доступно только в Электронных читальных залах Найти на картеНа карте
RUSMARC
00003669nmc2a22002533x 450
00134488991-de3a-449e-9861-cb3bf3e61c57
00520251023105925.0
100##$a20250422l18471847k l0rusy0189 ca
1010#$arus
$ager
$afre
102##$aRU
105##$ay###
1222#$ad
2001#$aДело о рассмотрении в Академии наук сочинений доктора Юлга
$j28 марта - 25 июня 1847 г.
215##$a15 л.
$d36,5х26 см
251##$cДело
300##$aНа обложке указано: "№27"
300##$aНа русском, немецком и французском языках
371##$aДокумент не является опубликованным и широко распространяемым
461#0$10012b5b8419-5ce4-4d16-a7a3-85720a295f1f
$12001
$aКанцелярия министра народного просвещения
$1251
$cФонд
$1852
$j735
462#0$1001562cc287-b13c-4f02-8029-f81535ba1e2e
$12001
$aКанцелярия министра народного просвещения
$1251
$cОпись
$1852
$j2
801#0$aRU
$bРГИА
$c20250422
$gRCR
801#1$aRU
$bГлавНИВЦ
$c20250422
$2rusmarc
801#2$aRU
$bПБ им. Б.Н. Ельцина
$c20251023
$gRCR
$2rusmarc
850##$aРГИА
852##$aРГИА
$eФедеральное казенное учреждение "Российский государственный исторический архив" (РГИА)
$j637
937##$hРГИА
$d12421556
$aASBIBLIO_SCAN
035##$aRusGRCC00085626
856##$uhttp://readingroom.main.prlib.ru/item.aspx?id_node=n198630046&mode=full
Формат отображения